Quizzes
Events
Quiz Creation
Community
Videos
Private Events
Remove Ads
Sign In
Join for FREE
Feedback
Dark Mode
Quiz Categories
Sports
Geography
Music
Movies
Television
Just For Fun
Miscellaneous
History
Literature
Language
Science
Gaming
Entertainment
Religion
Holiday
For Kids
Quiz Lab
Recent
Popular Today
Quiz Kudos Today
Editor Picks
Curator Picks
Quizzes by...
Day
Popularity
Type
Ratings
Length
Year
Community
Subscriptions
Recent Discussions
Orange Saloon
Badges
Playlists
Quests
Create
Leaderboards
Showdown
Live 5
Trivia Bingo
Activity
Puzzle Library
Sporcle Events
Private Events
Virtual Trivia
Globe League
Become a Host
Pub Owners
SporcleCon
Opinionation
Our Games
Videos
Blog
Mobile Apps
Partnerships
Remove Ads and Go Orange
Feedback
Gaming
Video Games
Board Games
Card Games
Pokémon
Mario
Nintendo
Minecraft
Console
Toys
Legend of Zelda
Gaming
Video Games
Board Games
Card Games
Pokémon
Mario
Nintendo
Minecraft
Console
Toys
Legend of Zelda
Random Quiz
Search Sporcle
×
Quiz Lab
Quiz Lab
Gaming
Console
Type in answers that appear in a list
Type in answers that appear in a list
Classic
Best Score? Go Orange.
Zelda Games Stats
Can you name the Zelda Games?
By
funnykidz07
10m
44 Questions
158 Plays
158 Plays
158 Plays
Comments
Comments
Give Quiz Kudos
Give Quiz Kudos
-
- Ratings
hide this ad
Replay
Link that replays current quiz
Next Quiz
Link to next quiz in quiz playlist
You Got
0%
They Got
Avg Score
48%
Avg Friend Score
Upgrade to see
Score Distribution
Jump to the score distribution portion of the page
Score
0/44
Timer
10:00
0
Plays Today
Console
Game
% Correct
NES
The Legend of Zelda
95.6%
SNES
The Legend of Zelda: A Link to the Past
88.6%
N64
The Legend of Zelda: Ocarina of Time
86.7%
Gamecube/
Wii
The Legend of Zelda: Twilight Princess
85.4%
Gamecube
The Legend of Zelda: The Wind Waker
84.8%
N64
The Legend of Zelda: Majora's Mask
82.9%
Wii
The Legend of Zelda: Skyward Sword
75.9%
Gameboy Advance
The Legend of Zelda: A Link to the Past and Four Swords
75.9%
Gameboy
The Legend of Zelda: Link's Awakening
75.3%
NES
Zelda II: The Adventure of Link
74.7%
Gameboy Color
The Legend of Zelda: Oracle of Seasons
73.4%
DS
The Legend of Zelda: Phantom Hourglass
72.2%
DS
The Legend of Zelda: Spirit Tracks
72.2%
Gameboy Color
The Legend of Zelda: Oracle of Ages
71.5%
3DS
Legend of Zelda: A Link Between Worlds
65.8%
Gameboy Advance
The Legend of Zelda: The Minish Cap
65.2%
Wii U
The Legend of Zelda: The Wind Waker HD
63.9%
Wii U
The Legend of Zelda: Twilight Princess HD
62.7%
3DS
Legend of Zelda: Ocarina of Time 3D
62%
3DS
Legend of Zelda: Majora's Mask 3D
60.8%
Wii
Link's Crossbow Training
57.6%
Wii U
Hyrule Warriors
57.6%
Console
Game
% Correct
Gamecube
The Legend of Zelda: Four Swords Adventures
53.2%
3DS
Legend of Zelda: Tri Force Heroes
50.6%
CD-
i
Zelda: The Wand of Gamelon
50%
Gameboy Color
The Legend of Zelda: Link's Awakening DX
43.7%
Gamecube
The Legend of Zelda: Ocarina of Time Master quest
40.5%
CD-
i
Zelda's Adventure
37.3%
3DS
Hyrule Warriors Legends
35.4%
CD-
i
Link: The Faces of Evil
34.8%
Satellaview
BS: The Legend of Zelda
25.9%
Gamecube
The Legend of Zelda: Collector's Edition
24.1%
LCD
Zelda Game and Watch
17.7%
DSiWare
Legend of Zelda: Four Swords Anniversary Edition
17.7%
Satellaview
BS: Ancient Stone Tablets
17.1%
LCD
The Legend of Zelda Game Watch
13.9%
DS
Tingle’s Freshly Picked Rosy Rupeeland
7.6%
Barcode Battler II
Zelda Barcode Battler
7%
Gameboy Advance
The Legend of Zelda NES Classic
5.7%
DS
Tingle’s Ripened Balloon Trip of Love
4.4%
DS
Tingle’s Balloon Fight DS
4.4%
LCD
Zelda Mini Classic
3.8%
Gameboy Advance
Zelda II the Adventure of Link NES Classic
3.8%
DSiWare
Too Much Tingle Pack
3.8%
Quiz Playlist
Details
Report
Send in Message
Add To Playlist
Classic:
Type in answers that appear in a list
Last Updated: Feb 16, 2017
Quiz Scoreboard
CHALLENGE
Sign Up to Join the Scoreboard
Show All
Scores
Hide
Comments
May contain spoilers
Recently Published
One Thing in Common: World Cities II
by knightlancer
Geography
7m
Popular People in 1961
by mucciniale
History
6m
1-10 Letter E Words III
by El_Dandy
Language
2m
More to Explore
Quiz From the Vault
Featured Blog Post
Where Did the Easter Bunny Come From?
hide this ad
You Might Also Like...
Tags
Console Quiz
Zelda
Today's Top Quizzes in Gaming
Browse Gaming
hide this ad
Today's Top Quizzes in Console
Browse Console
Top Contributed Quizzes in Gaming
1
Destiny 2 exotic weapons by perk icons
2
Who's on the WWE 2K24 Cover?
3
Windmill: Pokémon
4
Overwatch 2 Heroes by Selection Quote
5
Overwatch 2: Ultimate Ability Icons
6
Genshin Impact Logic Puzzle
7
Genshin murder mystery
8
Legendary or Exotic?
9
Overwatch Logic Puzzle
10
Franchise by Action Figure
Explore More
Trending Topics
Disney
Kpop
NBA
Harry Potter
Marvel
Crossword
Anime
NFL
Puzzle
Country
Pokémon
The Office
WWE
Soccer
Song
hide this ad
More By:
funnykidz07
Quiz
Plays
Rating
Category
Featured
Created
Name Anime studios by works
169
4.50
Television
Jan 23, 2020
Zelda Games
158
1.00
Gaming
Mar 16, 2016
Go to Creator's Profile
Score Distribution
Quiz Creator Spotlight
funnykidz07
Follow
Send a Message
Quizzes Created
-
Created Quiz Play Count
-
More By This Creator
Popular Quizzes Today
1
Find the US States - No Outlines Minefield
2
Find the Countries of Europe - No Outlines Minefield
3
The Countries of the World
4
Popular People in 1961
5
1-10 Letter E Words III
6
Find the US States
7
One Thing in Common: World Cities II
8
US States
More Gaming Quizzes
3-D Gaming
Published
Trending Quizzes
Risky Map Clicking: Least Populous States A-Z
1-10 Letter F Words
1-10 Letter G Words
One Thing in Common: United Kingdom
Risky Map Clicking: Biggest States A-Z
Recently Updated
Leaping Animals
pecheneg
Reality TV Shows (A-Z)
bhenderson79
Rickey Henderson's Hall of Fame Teammates
pecheneg
Champions League XIs: Arsenal
pecheneg
Quick Pick: Celebrities in WWE's Hall of Fame
aduchscher
A-Z Keypad Blitz II
pecheneg
Multiple Oscar Actors
pecheneg
Mystery Phrase Blitz: Oscar 'Best Actors'
pecheneg
F. Scott Fitzgerald Novels
LTH
Pick 3 Villains
ddd62291
Trending Topics
Crossword
Disney
Harry Potter
NBA
Anime
Marvel
Kpop
Pokémon
NFL
The Office
Soccer
WWE
Country
Puzzle
Song
Your Account Isn't Verified!
In order to create a playlist on Sporcle, you need to verify the email address you used during registration. Go to your
Sporcle Settings
to finish the process.
Report this User
Report this user for behavior that violates our
Community Guidelines
.
Details:
Send Report
Go to the Sporcle.com Mobile Site →
Comments